000 00513nam a2200145 a 4500
001 000028444
005 20200930054940.0
008 110408s2002 dr ac 000 0 spa d
040 _aDO-SdBNP
_bspa
_cBNPHU
082 _axxx
_bC911m
245 0 1 _aEl CRD : metas y proyectos :
_bVoz de la integración y del Desarrollo del Nordeste y el Cibao Central.
260 _aSan Pedro de Macorís, República Dominicana :
_bConsejo Regional de Desarrollo,
_c2002.
300 _a24 p. :
_bil., retrs. ;
_c22 cm.
049 _aBNPD
999 _c27936
_d27936